Finanční deriváty a peněžní politika
Vymedzenie derivátov v teórii i praxi. Charakteristika a typy derivátov. Dopytové a ponukové účinky derivátov. Vznikom derivátov sa mení štruktúra finančných trhov. Deriváty ako predmet záujmu bankového dohľadu. Finančné deriváty v politike peňažnej emisie.
Salvato in:
| Autore principale: | |
|---|---|
| Natura: | Capitolo di libro |
| Lingua: | ceco |
| Soggetti: | |
| Tags: |
Nessun Tag, puoi essere il primo ad aggiungerne!!
|
MARC
| LEADER | 00000naa a2200000 4500 | ||
|---|---|---|---|
| 001 | r017611 | ||
| 005 | 20221205101645.7 | ||
| 041 | 0 | |a cze | |
| 044 | |a CZ | ||
| 245 | 1 | 0 | |a Finanční deriváty a peněžní politika |c František Vencovský |
| 520 | |a Vymedzenie derivátov v teórii i praxi. Charakteristika a typy derivátov. Dopytové a ponukové účinky derivátov. Vznikom derivátov sa mení štruktúra finančných trhov. Deriváty ako predmet záujmu bankového dohľadu. Finančné deriváty v politike peňažnej emisie. | ||
| 610 | 2 | 0 | |a deriváty |
| 610 | 2 | 0 | |a pojmy |
| 610 | 2 | 0 | |a politika peňažná |
| 610 | 2 | 0 | |a dohľad bankový |
| 610 | 2 | 0 | |a banky emisné |
| 610 | 2 | 0 | |a emisia |
| 610 | 2 | 0 | |a politika menová |
| 610 | 2 | 0 | |a riziko |
| 100 | 1 | |a Vencovský, František | |